| 000 | 00775cam a22002531 4500 | ||
|---|---|---|---|
| 999 |
_c6802 _d6802 |
||
| 001 | 6818077 | ||
| 003 | GBCCL | ||
| 005 | 20241126110612.0 | ||
| 008 | 720817s1909 xx 000 0 eng | ||
| 010 | _a 10008294 | ||
| 035 | _a(OCoLC)384368 | ||
| 040 |
_aDLC _cOKentU _dDLC |
||
| 042 | _apremarc | ||
| 050 | 0 | 0 |
_aBS2575 _b.P7 |
| 082 |
_a226.207 _bPLU |
||
| 100 | 1 |
_aPlummer, Alfred, _d1841-1926. _91763 |
|
| 245 | 0 | 3 |
_aAn exegetical commentary on the Gospel according to S. Matthew, _cby the Rev. Alfred Plummer. |
| 260 |
_aLondon, _bE. Stock, _c1909. |
||
| 300 |
_axiii, 451 p. _c22 cm. |
||
| 504 | _aBibliography: p. viii-xi (first paging) | ||
| 630 | 0 | 0 |
_aBible. _pMatthew _xCommentaries. _9830 |
| 906 |
_a7 _bcbc _coclcrpl _du _encip _f19 _gy-gencatlg |
||
| 942 |
_2ddc _cREF |
||